Every Prince Song on the Billboard Hot 100 - Statistics

General Stats
  • This quiz has been taken 85 times
  • The average score is 15 of 46
Answer Stats
# Year Song % Correct
2 1984 Purple Rain ft. The Revolution
90%
1 1984 When Doves Cry
88%
6 1983 Little Red Corvette
85%
12 1983 1999
78%
1 1986 Kiss ft. The Revolution
77%
2 1985 Raspberry Beret ft. The Revolution
72%
1 1984 Let's Go Crazy ft. The Revolution
67%
1 1989 Batdance
58%
1 1991 Cream ft. The N.P.G.
57%
8 1985 I Would Die 4 U ft. The Revolution
57%
3 1992 Diamonds And Pearls ft. The N.P.G.
52%
3 1987 Sign 'O' The Times
47%
11 1980 I Wanna Be Your Lover
45%
70 1981 Controversy
43%
8 1988 Alphabet St.
42%
3 1994 The Most Beautiful Girl In The World
40%
8 1983 Delirious
33%
7 1985 Pop Life ft. The Revolution
33%
2 1987 U Got The Look
33%
21 1991 Gett Off ft. The N.P.G.
28%
6 1990 Thieves In The Temple
28%
10 1988 I Could Never Take The Place Of Your Man
23%
66 1992 Sexy MF ft. The N.P.G.
23%
92 1978 Soft And Wet
23%
25 1985 Take Me With U (Apollonia) ft. The Revolution
23%
7 1993 7 ft. The N.P.G.
22%
18 1989 Partyman
22%
88 1995 Gold
20%
60 2006 Black Sweat
18%
36 1992 My Name Is Prince ft. The N.P.G.
18%
67 1987 If I Was Your Girlfriend
15%
46 1985 America ft. The Revolution
13%
63 1986 Anotherloverholenyohead ft. The Revolution
10%
63 1988 Hot Thing
10%
12 1995 I Hate U
8%
23 1992 Money Don't Matter 2 Night ft. The N.P.G.
8%
50 1993 Pink Cashmere
8%
75 2004 Call My Name
7%
36 1989 The Arms Of Orion ft. Sheena Easton
7%
77 1992 Insatiable ft. The N.P.G.
5%
63 1999 The Greatest Romance Ever Sold
5%
44 1993 The Morning Papers ft. The N.P.G.
5%
31 1994 Letitgo
3%
64 1990 New Power Generation
3%
84 1995 Purple Medley
3%
23 1986 Mountains ft. The Revolution
0%
No matching quizzes found
Score Distribution
Percent of People with Each Score
Percentile by Number Answered
Your Score History
You have not taken this quiz